Fundamentálna analýza akcií diplomová práca

Enregistré dans:
Détails bibliographiques
Auteur principal: Kasala, Matúš
Collectivité auteur: Národohospodárska fakulta EU. Katedra financií
Autres auteurs: Ochotnický, Pavol
Format: Livre
Langue:slovaque
Publié: Bratislava 2021
Tags: Ajouter un tag
Pas de tags, Soyez le premier à ajouter un tag!

MARC

LEADER 00000nbm a2200000 4500
001 0274180
005 20220104091127.1
041 0 |a slo 
044 |a SK 
245 1 0 |a Fundamentálna analýza akcií  |b diplomová práca  |c Matúš Kasala ; školiteľ: Pavol Ochotnický 
264 1 |a Bratislava  |c 2021 
300 |a 79 s. 
100 1 |a Kasala, Matúš 
700 1 |a Ochotnický, Pavol 
710 2 |a Národohospodárska fakulta EU. Katedra financií